<?xml version="1.0" encoding="UTF-8"?>
<record
    xmlns:xsi="http://www.w3.org/2001/XMLSchema-instance"
    xsi:schemaLocation="http://www.loc.gov/MARC21/slim http://www.loc.gov/standards/marcxml/schema/MARC21slim.xsd"
    xmlns="http://www.loc.gov/MARC21/slim">

  <leader>00590nam a22001577a 4500</leader>
  <controlfield tag="003">OSt</controlfield>
  <controlfield tag="005">20150910095914.0</controlfield>
  <controlfield tag="008">150910b        xxu||||| |||| 00| 0 eng d</controlfield>
  <datafield tag="040" ind1=" " ind2=" ">
    <subfield code="c">RUA</subfield>
  </datafield>
  <datafield tag="082" ind1=" " ind2=" ">
    <subfield code="a">AGR &#x1791;&#x17B9;&#x1798; 1994 B0010 Or.1</subfield>
  </datafield>
  <datafield tag="100" ind1=" " ind2=" ">
    <subfield code="9">204</subfield>
    <subfield code="a">&#x1791;&#x17B9;&#x1798; &#x179A;&#x17BC;&#x179A;&#x1780;&#x17D2;&#x179F;</subfield>
  </datafield>
  <datafield tag="245" ind1=" " ind2=" ">
    <subfield code="a">&#x1799;&#x17BE;&#x1784;&#x17A2;&#x17B6;&#x1785;&#x1794;&#x1784;&#x17D2;&#x1780;&#x17BE;&#x1793;&#x1795;&#x179B;&#x17B7;&#x178F;&#x1795;&#x179B;&#x1780;&#x17C5;&#x179F;&#x17CA;&#x17BC;&#x1792;&#x1798;&#x17D2;&#x1798;&#x1787;&#x17B6;&#x178F;&#x17B7;&#x1793;&#x17C5;&#x1794;&#x17D2;&#x179A;&#x1791;&#x17C1;&#x179F;&#x1799;&#x17BE;&#x1784;&#x17A2;&#x17C4;&#x1799;&#x1794;&#x17B6;&#x1793;&#x1786;&#x17B6;&#x1794;&#x17CB;&#x179A;&#x17A0;&#x17D0;&#x179F;&#x1794;&#x17C6;&#x1795;&#x17BB;&#x178F;&#x178F;&#x17B6;&#x1798;&#x179A;&#x1794;&#x17C0;&#x1794;&#x178E;&#x17B6;</subfield>
  </datafield>
  <datafield tag="260" ind1=" " ind2=" ">
    <subfield code="a">Phnom Penh</subfield>
    <subfield code="b">RUA</subfield>
    <subfield code="c">1994</subfield>
  </datafield>
  <datafield tag="300" ind1=" " ind2=" ">
    <subfield code="a">130p.</subfield>
    <subfield code="b">ill.</subfield>
    <subfield code="c">29cm.</subfield>
  </datafield>
  <datafield tag="942" ind1=" " ind2=" ">
    <subfield code="2">ddc</subfield>
    <subfield code="c">AGR</subfield>
  </datafield>
  <datafield tag="999" ind1=" " ind2=" ">
    <subfield code="c">183</subfield>
    <subfield code="d">183</subfield>
  </datafield>
  <datafield tag="952" ind1=" " ind2=" ">
    <subfield code="0">0</subfield>
    <subfield code="1">0</subfield>
    <subfield code="2">ddc</subfield>
    <subfield code="4">0</subfield>
    <subfield code="6">AGR_&#x1791;&#x17B9;&#x1798;_1994_000000000000000_B010_OR_1</subfield>
    <subfield code="7">0</subfield>
    <subfield code="9">747</subfield>
    <subfield code="a">LBB</subfield>
    <subfield code="b">LBB</subfield>
    <subfield code="c">B010</subfield>
    <subfield code="d">2015-09-10</subfield>
    <subfield code="o">AGR &#x1791;&#x17B9;&#x1798; 1994 B010 Or.1</subfield>
    <subfield code="p">RUA03296</subfield>
    <subfield code="r">2015-09-10</subfield>
    <subfield code="w">2015-09-10</subfield>
    <subfield code="y">AGR</subfield>
  </datafield>
  <datafield tag="952" ind1=" " ind2=" ">
    <subfield code="0">0</subfield>
    <subfield code="1">0</subfield>
    <subfield code="2">ddc</subfield>
    <subfield code="4">0</subfield>
    <subfield code="6">AGR_&#x1791;&#x17B9;&#x1798;_1994_000000000000000_B010_OR_2</subfield>
    <subfield code="7">0</subfield>
    <subfield code="9">748</subfield>
    <subfield code="a">LBB</subfield>
    <subfield code="b">LBB</subfield>
    <subfield code="c">B010</subfield>
    <subfield code="d">2015-09-10</subfield>
    <subfield code="o">AGR &#x1791;&#x17B9;&#x1798; 1994 B010 Or.2</subfield>
    <subfield code="p">RUA003512</subfield>
    <subfield code="r">2015-09-10</subfield>
    <subfield code="w">2015-09-10</subfield>
    <subfield code="y">AGR</subfield>
  </datafield>
  <datafield tag="952" ind1=" " ind2=" ">
    <subfield code="0">0</subfield>
    <subfield code="1">0</subfield>
    <subfield code="2">ddc</subfield>
    <subfield code="4">0</subfield>
    <subfield code="6">AGR_&#x1791;&#x17B9;&#x1798;_1994_000000000000000_B010_OR_3</subfield>
    <subfield code="7">0</subfield>
    <subfield code="9">749</subfield>
    <subfield code="a">LBB</subfield>
    <subfield code="b">LBB</subfield>
    <subfield code="c">B010</subfield>
    <subfield code="d">2015-09-10</subfield>
    <subfield code="o">AGR &#x1791;&#x17B9;&#x1798; 1994 B010 Or.3</subfield>
    <subfield code="p">RUA003368</subfield>
    <subfield code="r">2015-09-10</subfield>
    <subfield code="w">2015-09-10</subfield>
    <subfield code="y">AGR</subfield>
  </datafield>
  <datafield tag="952" ind1=" " ind2=" ">
    <subfield code="0">0</subfield>
    <subfield code="1">0</subfield>
    <subfield code="2">ddc</subfield>
    <subfield code="4">0</subfield>
    <subfield code="6">AGR_&#x1791;&#x17B9;&#x1798;_1994_000000000000000_B010_OR_4</subfield>
    <subfield code="7">0</subfield>
    <subfield code="9">750</subfield>
    <subfield code="a">LBB</subfield>
    <subfield code="b">LBB</subfield>
    <subfield code="c">B010</subfield>
    <subfield code="d">2015-09-10</subfield>
    <subfield code="o">AGR &#x1791;&#x17B9;&#x1798; 1994 B010 Or.4</subfield>
    <subfield code="p">RUA003155</subfield>
    <subfield code="r">2015-09-10</subfield>
    <subfield code="w">2015-09-10</subfield>
    <subfield code="y">AGR</subfield>
  </datafield>
  <datafield tag="952" ind1=" " ind2=" ">
    <subfield code="0">0</subfield>
    <subfield code="1">0</subfield>
    <subfield code="2">ddc</subfield>
    <subfield code="4">0</subfield>
    <subfield code="6">AGR_&#x1791;&#x17B9;&#x1798;_1994_000000000000000_B010_OR_5</subfield>
    <subfield code="7">0</subfield>
    <subfield code="9">751</subfield>
    <subfield code="a">LBB</subfield>
    <subfield code="b">LBB</subfield>
    <subfield code="c">B010</subfield>
    <subfield code="d">2015-09-10</subfield>
    <subfield code="o">AGR &#x1791;&#x17B9;&#x1798; 1994 B010 Or.5</subfield>
    <subfield code="p">RUA003084</subfield>
    <subfield code="r">2015-09-10</subfield>
    <subfield code="w">2015-09-10</subfield>
    <subfield code="y">AGR</subfield>
  </datafield>
  <datafield tag="952" ind1=" " ind2=" ">
    <subfield code="0">0</subfield>
    <subfield code="1">0</subfield>
    <subfield code="2">ddc</subfield>
    <subfield code="4">0</subfield>
    <subfield code="6">AGR_&#x1791;&#x17B9;&#x1798;_1994_000000000000000_B010_OR_6</subfield>
    <subfield code="7">0</subfield>
    <subfield code="9">752</subfield>
    <subfield code="a">LBB</subfield>
    <subfield code="b">LBB</subfield>
    <subfield code="c">B010</subfield>
    <subfield code="d">2015-09-10</subfield>
    <subfield code="o">AGR &#x1791;&#x17B9;&#x1798; 1994 B010 Or.6</subfield>
    <subfield code="p">RUA003011</subfield>
    <subfield code="r">2015-09-10</subfield>
    <subfield code="w">2015-09-10</subfield>
    <subfield code="y">AGR</subfield>
  </datafield>
</record>
